HIGH COURT CRIMINAL SESSION NO.396 OF 1970 Uganda Vs Isaac Murumbi alias Oburuk (Record no. 6820)

MARC details
000 -LEADER
fixed length control field 00318nam a22000977a 4500
008 - FIXED-LENGTH DATA ELEMENTS--GENERAL INFORMATION
fixed length control field 150625b xxu||||| |||| 00| 0 eng d
010 ## - LIBRARY OF CONGRESS CONTROL NUMBER
Field link and sequence number HCCRSARF:010
245 ## - TITLE STATEMENT
Title HIGH COURT CRIMINAL SESSION NO.396 OF 1970 Uganda Vs Isaac Murumbi alias Oburuk
260 ## - PUBLICATION, DISTRIBUTION, ETC. (IMPRINT)
Place of publication, distribution, etc High Court Kampala
500 ## - GENERAL NOTE
Materials specified BEFORE: Hon. Mr. Justice D.J. Jones
Holdings
Withdrawn status Lost status Source of classification or shelving scheme Damaged status Koha normalized classification for sorting Not for loan Location (home branch) Sublocation or collection (holding branch) Shelving location Date acquired Koha issues (times borrowed) Koha full call number Piece designation (barcode) Koha date last seen Price effective from Koha item type Public note
    Dewey Decimal Classification   HCCRSARF_010   Archives Archives Archives 06/25/2015   HCCRSARF:010 1229/2015 06/25/2015 06/25/2015 Un Reported Cases Judgement entered on 5th/August/1970